00369nam a22001337a 450000500170000000800410001704100130005808200150007110000130008624500760009926000090017530000250018465000260020920240115081323.0231102b |||||||| |||| 00| 0 eng d aEnglish  a346.6 LAW  lEnglish  aLaw of 15 June 2004 Relating to the Venture Capital Investment Company  c2009 b119 pages ; c24 cm. aLegal practice bLaw